Nueva historia económica de Colombia / (Registro nro. 5444)
[ vista simple ]
| 000 -LEADER | |
|---|---|
| fixed length control field | 01607nam a2200289Ia 4500 |
| 003 - CONTROL NUMBER IDENTIFIER | |
| control field | OSt |
| 005 - DATE AND TIME OF LATEST TRANSACTION | |
| control field | 20200717123506.0 |
| 008 - FIXED-LENGTH DATA ELEMENTS--GENERAL INFORMATION | |
| fixed length control field | 191128s2010 ck ad gr 000 0dspa d |
| 020 ## - INTERNATIONAL STANDARD BOOK NUMBER | |
| International Standard Book Number | 9789587049404 |
| 040 ## - CATALOGING SOURCE | |
| Original cataloging agency | CO-JMCR |
| Transcribing agency | CO-JMCR |
| 041 0# - LANGUAGE CODE | |
| Language code of text/sound track or separate title | spa |
| 082 04 - DEWEY DECIMAL CLASSIFICATION NUMBER | |
| Classification number | 330.9861 / |
| Item number | K147n |
| Edition number | 23 |
| 100 1# - MAIN ENTRY--PERSONAL NAME | |
| Personal name | Kalmanovitz, Salomón, |
| Relator term | editor |
| 9 (RLIN) | 5368 |
| 245 10 - TITLE STATEMENT | |
| Title | Nueva historia económica de Colombia / |
| Statement of responsibility, etc. | Salomón Kalmanovitz editor ; con la colaboración de Edwin López Rivera, Enrique López Enciso y Carlos Brando [y otros] |
| 250 ## - EDITION STATEMENT | |
| Edition statement | Primera edición |
| 260 ## - PUBLICATION, DISTRIBUTION, ETC. | |
| Place of publication, distribution, etc. | Bogotá : |
| Name of publisher, distributor, etc. | Universidad de Bogotá Jorge Tadeo Lozano, Taurus, |
| Date of publication, distribution, etc. | 2010. |
| 300 ## - PHYSICAL DESCRIPTION | |
| Extent | 360 páginas : |
| Other physical details | gráficos a blanco y negro ; |
| Dimensions | 24 cm. |
| 504 ## - BIBLIOGRAPHY, ETC. NOTE | |
| Bibliography, etc. note | Bibliografía: páginas 345-360. |
| 505 0# - FORMATTED CONTENTS NOTE | |
| Formatted contents note | Economía precolombina -- Conquista y estructura económica de la Nueva Granada -- La independencia y la economía en el siglo XIX -- La formación de la Nación y el federalismo -- La evolución económica de 1886 a 1905 y las condiciones políticas |
| 520 0# - SUMMARY, ETC. | |
| Summary, etc. | La historia es el laboratorio de la economía o de la administracion cuando analiza casos empresariales en los que se tomaron decisiones importantes. Frente a las nuevas orientaciones que pretenden conducir a la historia por inciertos caminos posmodernos. |
| 650 14 - SUBJECT ADDED ENTRY--TOPICAL TERM | |
| Topical term or geographic name entry element | Economía |
| General subdivision | Historia |
| Chronological subdivision | Siglos XIX-XX |
| 9 (RLIN) | 7464 |
| 650 24 - SUBJECT ADDED ENTRY--TOPICAL TERM | |
| Topical term or geographic name entry element | Historia económica |
| Chronological subdivision | Siglos XIX-XX |
| Geographic subdivision | Colombia |
| 9 (RLIN) | 7465 |
| 700 1# - ADDED ENTRY--PERSONAL NAME | |
| Personal name | López Rivera, Edwin, |
| Relator term | colaborador |
| 9 (RLIN) | 7466 |
| 700 1# - ADDED ENTRY--PERSONAL NAME | |
| Personal name | López Enciso, Enrique, |
| Relator term | colaborador |
| 9 (RLIN) | 7467 |
| 700 1# - ADDED ENTRY--PERSONAL NAME | |
| Personal name | Brando, Carlos, |
| Relator term | colaborador |
| 9 (RLIN) | 7468 |
| 942 ## - ADDED ENTRY ELEMENTS (KOHA) | |
| Source of classification or shelving scheme | Dewey Decimal Classification |
| Koha item type | Books |
| Withdrawn status | Lost status | Source of classification or shelving scheme | Materials specified (bound volume or other part) | Damaged status | Not for loan | Home library | Current library | Shelving location | Date acquired | Source of acquisition | Full call number | Barcode | Date last seen | Copy number | Price effective from | Koha item type |
|---|---|---|---|---|---|---|---|---|---|---|---|---|---|---|---|---|
| Dewey Decimal Classification | Donación--15/04/2018-- | Biblioteca Pública José María del Castillo y Rada | Biblioteca Pública José María del Castillo y Rada | General Stacks | 11/28/2019 | Donación | 330.9861 / K147n | 430001928 | 05/16/2024 | Ej.1 | 11/28/2019 | Books |